000
00308nam a2200121Ia 4500
008
190216s9999||||xx |||||||||||||| ||und||
100
_a
"Pavia,Lampman,Kriz,Engel"
245
0
_a
Organic Chemistry A Lab Manual
260
_b
Cengage Learning
_c
2009
300
_a
796
650
_a
Organic Chemistry
942
_c
BK
999
_c
3488
_d
3488